00286nam a2200121Ia 4500008004100000082001600041100001700057245003100074250000900105260003200114300001000146650000800156191201s2011 xx 000 0 und d a346.07bKAE aKAPOOR, N.D. 0aElements of Mercantile Law a29th aN.DelhibSultan Chandc2011 aMisc. aMBA